Statistics for Multiple Superbowl MVP Players

Click here to take the quiz!

General Stats

  • This quiz has been taken 24 times
  • The average score is 4 of 5

Answer Stats

AwardsSuperbowlsAnswer% Correct
4XXVI,XXVIII,XLIX and LITom Brady
100%
3XVI,XIX and XXIVJoe Montana
79%
2XXIII and XIVTerry Bradshaw
79%
2I and IIBart Starr
79%
2XLII and XLVIEli Manning
71%

Score Distribution

Percentile by Number Answered

Percent of People with Each Score

Your Score History

You have not taken this quiz